| 000 | 00666nam a2200193 a 4500 | ||
|---|---|---|---|
| 001 | 000003552 | ||
| 005 | 20200929150500.0 | ||
| 008 | 090710s2002 dr a 001 0 spa d | ||
| 040 |
_aDO-SdBNP _bspa _cBNPHU |
||
| 082 |
_axxx _bD536 |
||
| 245 | 0 | 0 |
_aDía a día con María reina de la paz / _cCompiladoras Ana Judith Alma de Franco, Lidia Acosta de Rodríguez. |
| 250 | _a2da. ed. | ||
| 260 |
_aSanto Domingo : _bAmigo del Hogar, _c2002. |
||
| 300 |
_a154 p. : _bil. ; _c23 cm. |
||
| 500 | _aIncluye índice | ||
| 500 | _aIncluye notas al pie de páginas | ||
| 700 | 1 |
_aAlma de Franco, Ana Judith, _ecomp. _910978 |
|
| 700 | 1 |
_aAcosta de Rodríguez, Lidia, _ecomp. _910979 |
|
| 999 |
_c3377 _d3377 |
||